000 00615cam a22002175a 4500
008
020 _a9781600582295 (pbk.)
049 _aMAIN
090 _aTT649.8
_bCOR.
100 1 _aCorfee, Stephanie.
245 1 0 _aFashion design workshop /
_cStephaine Corfee
260 _aUSA :
_bWalter Foster publishing,
_c2011.
300 _a128 p. :
_bill. ;
_c30 cm.
650 _aFashion design.
650 _aDress accessories
_xDesign.
907 _a.b10377499
_b05-12-16
_c05-12-16
003
005 20230123122237.0
040 _cNUST
942 _cBOOKS
_kTT649.8
_mCOR.
999 _c130291
_d130291